000 00340 a2200157 4500
001 60156
020 _a850809843x
040 _cAnchieta - Pituba
100 _aLeite, Marcelo
240 1 0 _aAmazônia
_lpor
245 1 0 _aAmazônia
300 _a72
362 0 _a2005
650 4 _a–Região Norte / Amazônia / Rio Amazonas
942 _cBK
999 _c60156
_d60156